LEADER 00966nam a2200229 i 4500 001 000000189559 003 CaOOAMICUS 005 20100512000000.0 008 100512s1963 it u000 u ita u 013 $a167833 040 $aSeMil$bita 100 1 $aMondrone, Domenico .$0(OLS)http://semarc/name/6125 245 13$aIl confessore di Roma :$bpadre Felice M. Cappello s.i. /$cDomenico Mondrone. 250 $a3. edizione riveduta e notevolmente arricchita. 260 $aRoma :$bLa Civiltà Cattolica,$c1963. 300 $a286 p. ;$c22 cm. 500 $aContiene : Appendici. 600 14$aCappello, Felice Maria .$0(OLS)http://semarc/subject/35697 850 $aSeMil 852 $aSeMil$W1$xVenegono$y1$m3H II 230$j140190$B140190$CSeMilBibl$Z2$F151801 $81 996 $6245$aIl confessore di Roma :$bpadre Felice M. Cappello s.i.$9(OLS)http://semarc/title/272919 996 $6260$aRoma :$bLa Civiltà Cattolica$9(OLS)http://semarc/publisher/29890 LEADER 01319nam a2200301 i 4500 001 000000112198 003 CaOOAMICUS 005 20030210000000.0 008 030210s1998 it u000 u ita u 013 $a84882 020 $a88-8065-164-1 040 $aSeMil$bita 245 12$aL'eredità della Costituzione. 260 $aRoma :$bAVE,$ccopyr. 1998. 300 $a231 p. ;$c21 cm. 490 0 $aRes Publica ;$vN.1 500 $aIn testa al front. : Osservatorio sulle riforme costituzionali. - Contiene : Testo della Costituzione del 1948. - Fondo Card. C.M. Martini. 650 4$aItalia . Costituzione della Repubblica italiana.$0(OLS)http://semarc/subject/116 650 4$aItalia . Costituzione della Repubblica italiana - Riforma.$0(OLS)http://semarc/subject/20182 700 1 $aOsservatorio sulle riforme costituzionali.$0(OLS)http://semarc/name/4322 830 0$aRes Publica ;$vN.1.$0(OLS)http://semarc/title/11384 850 $aSeMil 852 $aSeMil$W1$xVenegono$y1$m3L II 18$j67976$B67976$CSeMilBibl$Z2$F94753 $81 941 1 $a4 961 $aOmaggio: Martini Card. Carlo Maria 996 $6020$a88-8065-164-1$9(OLS)http://semarc/number/94700 996 $6245$aL'eredità della Costituzione$9(OLS)http://semarc/title/163537 996 $6260$aRoma :$bAVE$9(OLS)http://semarc/publisher/30251